Az adott cég raktározási feladatainak megszervezése

Bibliographic Details
Main Author: Nagy Jennifer
Other Authors: Bartha Dr. Andrea
Format: Project work
Kulcsszavak:Raktározás
Diszpécserek
SPAR
Logisztika
Logisztikai folyamatok
Online Access:http://dolgozattar.uni-bge.hu/3189

MARC

LEADER 00000nnm a2200000 i 4500
001 dolg3189
005 20260101060014.0
008 150521suuuu hu o 000 hun d
040 |a BGE Dolgozattár Repozitórium  |b hun 
041 |a hu 
100 1 |a Nagy Jennifer 
245 1 3 |a Az adott cég raktározási feladatainak megszervezése  |c Nagy Jennifer  |h [elektronikus dokumentum] 
516 |a Project_work 
695 |a Raktározás 
695 |a Diszpécserek 
695 |a SPAR 
695 |a Logisztika 
695 |a Logisztikai folyamatok 
700 1 |a Bartha Dr. Andrea  |e ths 
856 4 0 |u http://dolgozattar.uni-bge.hu/3189/1/Adott-c%C3%A9g-rakt%C3%A1roz%C3%A1si-feladatainak-megszervez%C3%A9se.pdf  |z Dokumentum-elérés